| 000 | 00434nam a22001697a 4500 | ||
|---|---|---|---|
| 999 |
_c10501 _d10501 |
||
| 003 | OSt | ||
| 008 | 210223b ||||| |||| 00| 0 eng d | ||
| 020 | _a9788129124913 | ||
| 082 | _a954.05092 KAM | ||
| 100 | _aKALAM, A.P.J. Abdul | ||
| 245 | _aMy Journey Transforming Dreams into Actions | ||
| 250 | _a32th Imp. | ||
| 260 |
_aNew Delhi _bRupa Publication _c2020 |
||
| 300 | _a147 | ||
| 650 | _aGeneral Books | ||
| 942 |
_2ddc _cBK _016 |
||